000 00467 a2200169 4500
999 _c29379
_d29379
003 NUST
005 20180118141534.0
008 180118b xxu||||| |||| 00| 0 eng d
020 _a076374591X
020 _a9780763745912
082 0 4 _a620.00151
100 1 _aZill, Dennis G.
_91266
245 1 0 _aAdvanced engineering mathematics /
_cDennis G. Zill, Michael R. Cullen.
250 _a3rd ed.
260 _a[S.l.] :
_bJones & Bartlett Publishers,
_c2006.
300 _a1020 p. ;
_c28 cm.
700 _aCullen, M
_98812
942 _aSNS
_cBK
_k620.00151 ZIL
_2ddc